| 000 | 00788nam a22002177a 4500 | ||
|---|---|---|---|
| 999 |
_c1318 _d1318 |
||
| 003 | AR-CdUCM | ||
| 008 | 190226b ||||| |||| 00| 0 spa d | ||
| 040 |
_aMUNICIPALIDAD PROVINCIAL DEL CUSCO _cBIBLIOTECA MUNICIPAL DEL CUSCO |
||
| 082 |
_a869.008 / _bAG32 |
||
| 100 |
_aAguirre, Margarita _95069 |
||
| 245 | _aGenio y figura de Pablo Neruda / | ||
| 260 |
_aArgentina : _bEditorial universitaria de Buenos Aires, _c1964. |
||
| 300 |
_a189 páginas ; _bfotografías. _c18 cm. |
||
| 440 |
_aBiblioteca de América/Colección genio y figura _n3 _95070 |
||
| 505 | _aCronología sumaria -- No tiene historia, sino tierra -- Entre las sombras ... | ||
| 650 |
_aPoesia. _91598 |
||
| 650 |
_aBiografía. _922 |
||
| 650 |
_aLiteratura. _983 |
||
| 942 |
_2ddc _cLIBROS |
||
| 945 |
_amvr _d2019-02-26 |
||